Thailand City Quiz - Statistics

General Stats
  • This quiz has been taken 116 times
  • The average score is 3 of 10
Answer Stats
City % Correct
Bangkok
98%
Chiang Mai
80%
Nakhon Ratchasima
23%
Nonthaburi
23%
Udon Thani
18%
Hat Yai
17%
Surat Thani
17%
Pak Kret
4%
Chaophraya Surasak
2%
Bang Pu
1%
No matching quizzes found
Score Distribution
Percent of People with Each Score
Percentile by Number Answered
Your Score History
You have not taken this quiz